000
00316nam a22001457a 4500
008
230522b ||||| |||| 00| 0 eng d
020
_a
2724216865
041
_a
FRA
080
_a
82
082
_a
82DOR
100
_a
38
101
_a
GJL
245
_a
LE ROMAN DE SOPHIE TREBUCHET
_c
DORMANN .G
942
_2
udc
_c
BK
999
_c
59798
_d
59798